Leader xxxxxxxxxx
001 __ PCLIS00041783
005 __ 20030515115057.0
008 __ chi
010 0_ |a957-522-135-4|b平裝|dNT$230
020 __ |acw|b85001482
042 __ |anbi9802ba01
090 __ |a(nbi)b11026777
100 __ |a19981222d1996 m y0chib09 e
101 0_ |achi
102 __ |acw
105 __ |ay z 000ad
200 1_ |a撒謊的信徒|e|f張大春著
205 __ |a初版
210 __ |a臺北市|c聯合文學出版|a臺北縣汐止鎮|c聯經總經銷|d民85
215 0_ |a222面|c|d22公分
225 1_ |a聯合文學|v119
225 1_ |a聯合文叢|v98
260 1_ |a1996
300 __ |a
681 __ |a857.7|b8774|y1996
700 _1 |a張|b大春|f1957-|4著|3NO000233340
702 __ |a|b|4
801 _2 |atw|b元智|c19961217|gCCR
801 _0 |atw|b中圖|c19981222|gCCR
801 _1 |atw|b中圖|c19981222|gCCR
856 4_ |f封面檔|uhttp://lib.yzu.edu.tw/CoverPics/Pic00005/Pic000058956-2.jpg
856 4_ |f封面檔|uhttp://lib.yzu.edu.tw/CoverPics/Pic00005/Pic000058956-1.jpg
|